Menová politika v Slovenskej republike implicitné inflačné cielenie a výber optimálneho režimu výmenného kurzu

Pokračovanie z č. 10/2004. Implicitné inflačné cielenie a crawling peg. Implicitné inflačné cielenie a pohyblivý výmenný kurz. Implicitné inflačné cielenie a riadený floating. Strategické hodnotenie plnohodnotného inflačného cielenia.

Uložené v:
Podrobná bibliografia
Hlavný autor: Nell, Mathias
Médium: Kapitola
Jazyk:Slovak
Predmet:
Tagy: Pridať tag
Žiadne tagy, Buďte prvý, kto otaguje tento záznam!

MARC

LEADER 00000naa$a2200000$$$4500
001 0024185
005 20221128110418.7
041 0 |a slo 
044 |a SK 
245 1 0 |a Menová politika v Slovenskej republike  |b implicitné inflačné cielenie a výber optimálneho režimu výmenného kurzu  |c Mathias Nell 
520 |a Pokračovanie z č. 10/2004. Implicitné inflačné cielenie a crawling peg. Implicitné inflačné cielenie a pohyblivý výmenný kurz. Implicitné inflačné cielenie a riadený floating. Strategické hodnotenie plnohodnotného inflačného cielenia. 
610 2 0 |a politika menová 
610 2 0 |a kurz výmenný pohyblivý 
610 2 0 |a kurz výmenný pevný 
610 2 0 |a kurz výmenný 
610 2 0 |a cielenie inflácie 
610 2 0 |a sadzby úrokové 
610 2 0 |a Slovensko 
610 2 0 |a NBS Bratislava 
100 1 |a Nell, Mathias